000 00229 a2200097 4500
001 24999
100 _aLambe, C.G
245 _aApplied maths for enggs & sciengtists
260 _a
_bEng University Press
_c
090 _c16946
_d16946
942 _aNUST-CAE
_cM
_c7720
999 _c260072
_d260072